UM Logo

Digital dictionary / (Record no. 18995)

MARC details
000 -LEADER
fixed length control field 01021nam a22003135i 4500
001 - CONTROL NUMBER
control field 22415366
005 - DATE AND TIME OF LATEST TRANSACTION
control field 20250219104714.0
008 - FIXED-LENGTH DATA ELEMENTS--GENERAL INFORMATION
fixed length control field 220208s2022 nju 000 0 eng
010 ## - LIBRARY OF CONGRESS CONTROL NUMBER
LC control number 2022932447
020 ## - INTERNATIONAL STANDARD BOOK NUMBER
International Standard Book Number 9781786307880
040 ## - CATALOGING SOURCE
Original cataloging agency DLC
Language of cataloging eng
Description conventions rda
Transcribing agency DLC
042 ## - AUTHENTICATION CODE
Authentication code pcc
082 ## - DEWEY DECIMAL CLASSIFICATION NUMBER
Edition number 2022
Classification number DC 004.03
Item number D569
245 00 - TITLE STATEMENT
Title Digital dictionary /
Statement of responsibility, etc. edited by Marie Cauli, Laurence Favier, Jean-Yves Jeannas.
260 ## - PUBLICATION, DISTRIBUTION, ETC. (IMPRINT)
Date of publication, distribution, etc. c2022
263 ## - PROJECTED PUBLICATION DATE
Projected publication date 2204
300 ## - PHYSICAL DESCRIPTION
Extent 335 pages ;
Dimensions 24 cm.
440 ## - SERIES STATEMENT/ADDED ENTRY--TITLE
Title Series: Science, society and new technologies series
9 (RLIN) 51840
500 ## - GENERAL NOTE
General note Includes bibliographical references and index.<br/>
650 ## - SUBJECT ADDED ENTRY--TOPICAL TERM
Topical term or geographic name as entry element Information Technology -- Dictionaries.
9 (RLIN) 51841
650 ## - SUBJECT ADDED ENTRY--TOPICAL TERM
Source of heading or term Information society.
700 1# - ADDED ENTRY--PERSONAL NAME
Personal name Cauli, Marie,
Relator term editor.
9 (RLIN) 51842
700 1# - ADDED ENTRY--PERSONAL NAME
Personal name Favier, Laurence,
Relator term editor.
9 (RLIN) 51843
700 1# - ADDED ENTRY--PERSONAL NAME
Personal name Jeannas, Jean-Yves,
Relator term editor.
9 (RLIN) 51844
365 ## - TRADE PRICE
Price amount 15,423.00
Currency code Php
906 ## - LOCAL DATA ELEMENT F, LDF (RLIN)
a 0
b ibc
c orignew
d 2
e epcn
f 20
g y-gencatlg
942 ## - ADDED ENTRY ELEMENTS (KOHA)
Source of classification or shelving scheme Dewey Decimal Classification
Koha item type Circulation
Holdings
Withdrawn status Lost status Source of classification or shelving scheme Damaged status Not for loan Collection code Home library Current library Date acquired Source of acquisition Cost, normal purchase price Total Checkouts Full call number Barcode Date last seen Price effective from Koha item type
    Dewey Decimal Classification     Circulation UM Digos College - LIC UM Digos College - LIC 07/19/2023 Purchased 15423.00   DC 004.03 D569 2022 27885 05/15/2025 02/07/2024 Circulation